| 000 | 00000nam 2200000zi 4500 |
| 001 | 9.893735 |
| 003 | CaOODSP |
| 005 | 20230428131016 |
| 006 | m o d f |
| 007 | cr |n||||||||| |
| 008 | 201119e20011119onc|||| ob f00| 0|eng d |
| 040 | |aCaOODSP|beng|erda|cCaOODSP |
| 043 | |an-cn--- |
| 086 | 1 |aIu188-152/2001E-PDF |
| 100 | 1 |aRiding, Allan Lance,|d1947- |eauthor. |
| 245 | 10|aHypothesized gaps in SME financing : |ba preliminary analytical framework / |cAllan Riding, PhD, Barbara Orser, PhD, Roland Thomas, PhD. |
| 264 | 1|a[Ottawa] : |bIndustry Canada, |cNovember 19, 2001. |
| 300 | |a1 online resource (65 pages) |
| 336 | |atext|btxt|2rdacontent |
| 337 | |acomputer|bc|2rdamedia |
| 338 | |aonline resource|bcr|2rdacarrier |
| 500 | |aDigitized edition from print [produced by Innovation, Science and Economic Development Canada]. |
| 500 | |a"For Discussion Purposes." |
| 500 | |aAt head of title : Interim report 2. |
| 504 | |aIncludes bibliographical references (pages 57-65). |
| 650 | 0|aSmall business|zCanada|xFinance. |
| 650 | 6|aPetites et moyennes entreprises|zCanada|xFinances. |
| 710 | 1 |aCanada. |bIndustry Canada, |eissuing body. |
| 856 | 40|qPDF|s1.15 MB|uhttps://publications.gc.ca/collections/collection_2023/isde-ised/Iu188-152-2001-eng.pdf |